000
00266nam a2200109Ia 4500
008
190907s9999||||xx |||||||||||||| ||und||
100
_a
Benito Musoleni
245
0
_a
Dastan-e-Musoleni : Aap Beti
260
_a
Lahore
_b
Fiction House
_c
1994
300
_a
252
942
_c
BK
999
_c
6313
_d
6313